000 00408nam a2200145 4500
999 _c775
_d775
008 191218b ||||| |||| 00| 0 eng d
082 0 0 _a609
_bF6926
100 _9299
_aForbes, R. J.
245 1 0 _aMan the Maker: A History of Technology and Management
_cby R J Forbes
250 _a1st ed.
260 _aLondon
_bConstable & Company Limited
_c1950
300 _a355 p.
650 0 _aEngineering
942 _2ddc
_cBK